000 00412nam a22001457a 4500
040 _cNUST
082 _a536
_bZEM
100 _aZemansky ,Mark .W
_9123308
110 _aDittman , Richard .H
_9123309
245 _aHeat and Thermodynamics ,
_bAn Intermediate Textbook
250 _a7th
260 _aPakistan:
_bNational book Foundation,
_c2007 .
650 _aHeat and Thermodynamics ,
_959851
942 _2ddc
_cBK
999 _c609536
_d609536